A művészi nevelés kérdése Franciaországban

Elmentve itt :
Bibliográfiai részletek
Szerző: Nádai Pál
Dokumentumtípus: Cikk
Megjelent: 1914
Sorozat:Magyar pedagógia : a Magyar Tudományos Akadémia Pedagógiai Bizottságának folyóirata 23
Kulcsszavak:Művészeti oktatás Franciaország 1914, Franciaország oktatásügye
Online Access:http://misc.bibl.u-szeged.hu/9304
LEADER 00705nab a2200181 i 4500
001 misc9304
005 20191106143526.0
008 170607s1914 hu o 0|| hun d
022 |a 0025-0260 
040 |a SZTE Miscellanea Repozitórium  |b hun 
041 |a hun 
100 1 |a Nádai Pál 
245 1 2 |a A művészi nevelés kérdése Franciaországban  |h [elektronikus dokumentum] /  |c  Nádai Pál 
260 |c 1914 
300 |a 543-553 
490 0 |a Magyar pedagógia : a Magyar Tudományos Akadémia Pedagógiai Bizottságának folyóirata  |v 23 
695 |a Művészeti oktatás Franciaország 1914, Franciaország oktatásügye 
856 4 0 |u http://misc.bibl.u-szeged.hu/9304/1/mp_1914_2070_543-553.pdf  |z Dokumentum-elérés